Principios teóricos para el estudio de los militares y sus actividades políticas en El Salvador /
Guardat en:
| Autor principal: | |
|---|---|
| Format: | Text |
| Etiquetes: |
Afegir etiqueta
Sense etiquetes, Sigues el primer a etiquetar aquest registre!
|
MARC
| LEADER | 00000 a a2200000 04500 | ||
|---|---|---|---|
| 001 | 3203 | ||
| 003 | |||
| 040 | |||
| 100 | |a Zamora Rivas, Rubén | ||
| 245 | |a Principios teóricos para el estudio de los militares y sus actividades políticas en El Salvador / |c Rubén Zamora Rivas | ||
| 773 | |g volumen 1, número 1; páginas 1-30 | ||
| 999 | |c 29553 |d 29553 | ||
